|
|
|
|
| LEADER |
03251cam a2200421 a 4500 |
| 001 |
3504736 |
| 008 |
110621r20072005nyua b 001 0 eng |
| 010 |
|
|
|a 95010876
|
| 020 |
|
|
|a 8126508388
|
| 020 |
|
|
|a 9788126508389
|
| 020 |
|
|
|a 0471586994 (cloth : alk. paper)
|
| 040 |
|
|
|a DLC
|c DLC
|d DLC
|d BD-DhAAL
|
| 082 |
0 |
0 |
|a 621.31
|2 21
|
| 100 |
1 |
|
|a Wood, Allen J.
|
| 245 |
1 |
0 |
|a Power generation, operation, and control /
|c Allen J. Wood, Bruce F. Wollenberg.
|
| 250 |
|
|
|a 2nd ed.
|
| 260 |
|
|
|a New York ;
|a New Delhi :
|b J. Wiley & Sons,
|c c2005 [Reprinted 2007].
|
| 300 |
|
|
|a xv, 569 p. :
|b ill. ;
|c 24 cm. +
|e 1 computer disk (3 1/2 in.)
|
| 504 |
|
|
|a Includes bibliographical references and index.
|
| 541 |
|
|
|e 00018050
|
| 650 |
|
0 |
|a Electric power systems.
|
| 700 |
1 |
|
|a Wollenberg, Bruce F.
|
| 852 |
1 |
|
|a Ayesha Abed Library
|c General Shelf.
|
| 999 |
|
|
|c 10983
|d 10983
|
| 952 |
|
|
|0 0
|1 0
|2 ddc
|4 0
|6 621_310000000000000_WOO
|7 1
|9 17217
|a BRACUL
|b BRACUL
|c GEN
|d 2011-06-21
|l 0
|o 621.31 WOO
|p 3010018050
|r 2011-06-21
|t 1
|w 2011-06-21
|y BK
|
| 952 |
|
|
|0 0
|1 0
|2 ddc
|4 0
|6 621_310000000000000_WOO
|7 0
|9 17218
|a BRACUL
|b BRACUL
|c GEN
|d 2011-06-20
|e Ideal Library Ltd.
|g 740.00
|l 2
|m 14
|o 621.31 WOO
|p 3010023128
|r 2022-01-10
|s 2021-11-29
|t 2
|w 2011-06-21
|y BK
|
| 952 |
|
|
|0 0
|1 0
|2 ddc
|4 0
|6 621_310000000000000_WOO
|7 0
|9 17220
|a BRACUL
|b BRACUL
|c GEN
|d 2011-06-20
|e Ideal Library Ltd.
|g 740.00
|l 1
|o 621.31 WOO
|p 3010023129
|r 2014-01-19
|s 2013-09-26
|t 3
|w 2011-06-21
|y BK
|
| 952 |
|
|
|0 0
|1 0
|2 ddc
|4 0
|6 621_310000000000000_WOO
|7 0
|9 17221
|a BRACUL
|b BRACUL
|c GEN
|d 2011-06-20
|e Ideal Library Ltd.
|g 740.00
|l 3
|m 18
|o 621.31 WOO
|p 3010023130
|r 2025-11-02
|s 2025-10-18
|t 4
|w 2011-06-21
|y BK
|
| 952 |
|
|
|0 0
|1 0
|2 ddc
|4 0
|6 621_310000000000000_WOO
|7 0
|9 17222
|a BRACUL
|b BRACUL
|c GEN
|d 2011-06-20
|e Ideal Library Ltd.
|g 740.00
|l 4
|m 51
|o 621.31 WOO
|p 3010023131
|r 2022-12-01
|s 2020-02-04
|t 5
|w 2011-06-21
|y BK
|
| 952 |
|
|
|0 0
|1 0
|2 ddc
|4 0
|6 621_310000000000000_WOO
|7 0
|9 17223
|a BRACUL
|b BRACUL
|c GEN
|d 2011-06-20
|l 1
|m 9
|o 621.31 WOO
|p 3010023132
|r 2012-08-12
|s 2012-06-07
|t 6
|w 2011-06-21
|y BK
|
| 952 |
|
|
|0 0
|1 0
|2 ddc
|4 0
|6 621_310000000000000_WOO
|7 0
|9 17224
|a BRACUL
|b BRACUL
|c GEN
|d 2011-06-20
|e Ideal Library Ltd.
|g 740.00
|l 2
|m 23
|o 621.31 WOO
|p 3010023133
|r 2015-06-16
|s 2015-04-13
|t 7
|w 2011-06-21
|y BK
|
| 952 |
|
|
|0 0
|1 0
|2 ddc
|4 0
|6 621_310000000000000_WOO
|7 0
|9 17225
|a BRACUL
|b BRACUL
|c AV
|d 2011-06-20
|l 0
|o 621.31 WOO
|p 4010018050
|r 2011-06-21
|t 1
|w 2011-06-21
|y AV
|
| 952 |
|
|
|0 0
|1 0
|2 ddc
|4 0
|6 621_310000000000000_WOO
|7 0
|9 17226
|a BRACUL
|b BRACUL
|c AV
|d 2011-06-20
|l 0
|o 621.31 WOO
|p 4010023128
|r 2011-06-21
|t 2
|w 2011-06-21
|y AV
|
| 952 |
|
|
|0 0
|1 0
|2 ddc
|4 0
|6 621_310000000000000_WOO
|7 0
|9 17227
|a BRACUL
|b BRACUL
|c AV
|d 2011-06-20
|l 0
|o 621.31 WOO
|p 4010023129
|r 2011-06-21
|t 3
|w 2011-06-21
|y AV
|
| 952 |
|
|
|0 0
|1 0
|2 ddc
|4 0
|6 621_310000000000000_WOO
|7 0
|9 17228
|a BRACUL
|b BRACUL
|c AV
|d 2011-06-20
|l 0
|o 621.31 WOO
|p 4010023130
|r 2011-06-21
|t 4
|w 2011-06-21
|y AV
|
| 952 |
|
|
|0 0
|1 0
|2 ddc
|4 0
|6 621_310000000000000_WOO
|7 0
|9 17229
|a BRACUL
|b BRACUL
|c AV
|d 2011-06-20
|l 0
|o 621.31 WOO
|p 4010023131
|r 2011-06-21
|t 5
|w 2011-06-21
|y AV
|
| 952 |
|
|
|0 0
|1 0
|2 ddc
|4 0
|6 621_310000000000000_WOO
|7 0
|9 17230
|a BRACUL
|b BRACUL
|c AV
|d 2011-06-20
|l 0
|o 621.31 WOO
|p 4010023132
|r 2011-06-21
|t 6
|w 2011-06-21
|y AV
|
| 952 |
|
|
|0 0
|1 0
|2 ddc
|4 0
|6 621_310000000000000_WOO
|7 0
|9 17232
|a BRACUL
|b BRACUL
|c AV
|d 2011-06-20
|l 0
|o 621.31 WOO
|p 4010023133
|r 2011-06-21
|t 7
|w 2011-06-21
|y AV
|